[Event "LSS No Engine Cup 137 Preliminary 0"]
[Site "LSS email"]
[Date "2015.08.23"]
[Round "?"]
[White "Bieszk, Stanislaw"]
[Black "Maidana Guerra, Victor Ramon"]
[Result "1-0"]
[WhiteElo "1478"]
[BlackElo "1600"]
[PlyCount "51"]
[EventDate "2015.08.24"]
[EventType "tourn (corr)"]
[EventRounds "6"]
[EventCountry "GER"]
[SourceTitle "Corr 2022"]
[Source "ChessBase"]
[SourceDate "2021.10.24"]
[SourceVersion "1"]
[SourceVersionDate "2021.10.24"]
[SourceQuality "1"]

1. e4 Nf6 2. e5 Nd5 3. d4 d6 4. c4 Nb6 5. f4 dxe5 6. fxe5 g6 7. Be3 Bg7 8. Nf3 Nc6 9. Nc3 0-0 10. Rc1 Bg4 11. Ne4 Nd7 12. Nf2 Bxf3 13. gxf3 Qc8 14. Bh3 e6 15. f4 Ne7 16. 0-0 Rd8 17. Qf3 c6 18. Ne4 Qc7 19. Nd6 Nc8 20. c5 b6 21. b4 a5 22. a3 axb4 23. axb4 bxc5 24. bxc5 Na7 25. Ra1 Nb5 26. Nxb5 1-0

[Event "LSS No Engine Cup 137 Preliminary 0"]
[Site "LSS email"]
[Date "2015.08.23"]
[Round "?"]
[White "Caviglia, Maximiliano"]
[Black "Maidana Guerra, Victor Ramon"]
[Result "0-1"]
[WhiteElo "1596"]
[BlackElo "1600"]
[PlyCount "28"]
[EventDate "2015.08.24"]
[EventType "tourn (corr)"]
[EventRounds "6"]
[EventCountry "GER"]
[SourceTitle "Corr 2022"]
[Source "ChessBase"]
[SourceDate "2021.10.24"]
[SourceVersion "1"]
[SourceVersionDate "2021.10.24"]
[SourceQuality "1"]

1. e4 Nf6 2. e5 Nd5 3. d4 d6 4. c4 Nb6 5. f4 dxe5 6. fxe5 g6 7. Nf3 Bg7 8. Be2 Bg4 9. h3 Bxf3 10. Bxf3 Nc6 11. Be3 Nxc4 12. Bxc6+ bxc6 13. Bc1 0-0 14. 0-0 Qd7 0-1

[Event "LSS No Engine Cup 130 Preliminary 0"]
[Site "LSS email"]
[Date "2015.05.02"]
[Round "?"]
[White "Maidana Guerra, Victor Ramon"]
[Black "Kalinin, Vyacheslav"]
[Result "0-1"]
[WhiteElo "1600"]
[BlackElo "1576"]
[PlyCount "104"]
[EventDate "2015.05.03"]
[EventType "tourn (corr)"]
[EventRounds "6"]
[EventCountry "GER"]
[SourceTitle "Corr 2022"]
[Source "ChessBase"]
[SourceDate "2021.10.24"]
[SourceVersion "1"]
[SourceVersionDate "2021.10.24"]
[SourceQuality "1"]

1. d4 Nf6 2. Nf3 d5 3. Nbd2 Bf5 4. e3 h6 5. Bd3 Bxd3 6. cxd3 e6 7. 0-0 Bd6 8. e4 Bf4 9. e5 Nh7 10. Qb3 b6 11. g3 Bg5 12. Re1 0-0 13. h4 Be7 14. Nf1 Nd7 15. Bd2 c5 16. dxc5 Nxc5 17. Qc2 Rc8 18. Bc3 Re8 19. Qd1 Nf8 20. Rc1 a5 21. Qe2 Na4 22. Bd4 b5 23. Qe3 Nd7 24. b3 Nac5 25. Re2 Na6 26. a4 bxa4 27. bxa4 Rxc1 28. Qxc1 Nb4 29. Qd2 Nc5 30. Bxc5 Bxc5 31. Kg2 Qd7 32. Qd1 d4 33. N1h2 Nd5 34. Qb3 Nc3 35. Rc2 Qc7 36. Nf1 Rb8 37. Qc4 Rb4 38. Qa6 Rxa4 39. N1d2 Rb4 40. Nc4 a4 41. Nd6 Rb6 42. Qa8+ Rb8 43. Qa6 a3 44. Nd2 a2 45. Rxa2 Nxa2 46. Qxa2 Bxd6 47. exd6 Qxd6 48. Nc4 Qc6+ 49. f3 Qb5 50. Kh3 Qf5+ 51. Kg2 Qxd3 52. Ne5 Qb5 0-1

[Event "LSS No Engine Cup 130 Preliminary 0"]
[Site "LSS email"]
[Date "2015.05.02"]
[Round "?"]
[White "Maidana Guerra, Victor Ramon"]
[Black "Obrien, Glenn"]
[Result "0-1"]
[WhiteElo "1600"]
[BlackElo "1766"]
[PlyCount "119"]
[EventDate "2015.05.03"]
[EventType "tourn (corr)"]
[EventRounds "6"]
[EventCountry "GER"]
[SourceTitle "Corr 2022"]
[Source "ChessBase"]
[SourceDate "2021.10.24"]
[SourceVersion "1"]
[SourceVersionDate "2021.10.24"]
[SourceQuality "1"]

1. d4 Nf6 2. Nf3 g6 3. Nbd2 Bg7 4. e4 d6 5. Bd3 0-0 6. 0-0 Nc6 7. c3 e5 8. d5 Ne7 9. Re1 Ne8 10. Nf1 f5 11. exf5 Nxf5 12. Ne3 h6 13. h3 Nf6 14. Nxf5 gxf5 15. Bc2 c6 16. c4 cxd5 17. cxd5 Qa5 18. Bd2 Qb5 19. a4 Qb6 20. b4 e4 21. Nh4 Qd4 22. Ng6 Re8 23. Rb1 Kh7 24. Nf4 Nxd5 25. Nxd5 Qxd5 26. Qh5 Be6 27. Red1 Qa2 28. Rbc1 Rec8 29. Bb1 Qxa4 30. Bf4 d5 31. g4 fxg4 32. hxg4 Qxb4 33. g5 Qf8 34. g6+ Kg8 35. Be3 Rc6 36. Rxc6 bxc6 37. Rc1 Rc8 38. Ba2 a5 39. Bc5 Qf6 40. Rb1 Bf5 41. Rb7 Bxg6 42. Qh3 Bf5 43. Qg3 h5 44. Be7 Qg6 45. Qxg6 Bxg6 46. Bc5 Ra8 47. Rd7 Bf8 48. Bd4 Ra6 49. Rd8 Kf7 50. Rd7+ Ke8 51. Rb7 a4 52. Kg2 a3 53. Rb8+ Kf7 54. Rb7+ Ke6 55. Rb8 c5 56. Rxf8 cxd4 57. Rg8 Bf7 58. Rg5 Kf6 59. Rg3 d3 60. Kf1 0-1

[Event "LSS No Engine Cup 130 Preliminary 0"]
[Site "LSS email"]
[Date "2015.05.02"]
[Round "?"]
[White "Reinecke, Juergen"]
[Black "Maidana Guerra, Victor Ramon"]
[Result "1/2-1/2"]
[WhiteElo "1600"]
[BlackElo "1600"]
[PlyCount "83"]
[EventDate "2015.05.03"]
[EventType "tourn (corr)"]
[EventRounds "6"]
[EventCountry "GER"]
[SourceTitle "Corr 2022"]
[Source "ChessBase"]
[SourceDate "2021.10.24"]
[SourceVersion "1"]
[SourceVersionDate "2021.10.24"]
[SourceQuality "1"]

1. e4 Nf6 2. e5 Nd5 3. d4 d6 4. Nf3 dxe5 5. dxe5 Bg4 6. Be2 e6 7. 0-0 Nd7 8. c4 N5b6 9. Qd4 Bh5 10. Nc3 Bc5 11. Qf4 0-0 12. b3 c6 13. Bb2 Qe7 14. Ne4 Ba3 15. Bxa3 Qxa3 16. Nd6 Rab8 17. Rfe1 Nc8 18. Ne4 Ne7 19. Ng3 Bg6 20. Red1 Nb6 21. Rd2 Nf5 22. Rad1 Nxg3 23. hxg3 Qe7 24. Nh4 Rbd8 25. Nxg6 hxg6 26. Rd3 Rxd3 27. Rxd3 Rd8 28. Qd2 Rxd3 29. Qxd3 Qd7 30. Qxd7 Nxd7 31. f4 f6 32. exf6 gxf6 33. Bd3 Kf7 34. Kf2 b6 35. g4 c5 36. Ke3 g5 37. g3 Ke7 38. Bg6 Nb8 39. Ke4 Nc6 40. Ke3 Kd6 41. Ke4 Nd4 42. Ke3 1/2-1/2

[Event "RB-2015-0-00273"]
[Site "LSS email"]
[Date "2015.02.14"]
[Round "?"]
[White "Maidana Guerra, Victor Ramon"]
[Black "Hansen, Marco"]
[Result "0-1"]
[WhiteElo "2057"]
[BlackElo "1904"]
[PlyCount "54"]
[EventDate "2014.12.20"]
[EventType "tourn (corr)"]
[EventRounds "6"]
[EventCountry "GER"]
[SourceTitle "Corr 2022"]
[Source "ChessBase"]
[SourceDate "2021.10.24"]
[SourceVersion "1"]
[SourceVersionDate "2021.10.24"]
[SourceQuality "1"]

1. d4 Nf6 2. Nf3 d5 3. c4 c6 4. Nc3 e6 5. Bg5 Nbd7 6. Rc1 dxc4 7. a4 Qa5 8. Bxf6 gxf6 9. e4 Rg8 10. g3 Nb6 11. Bg2 e5 12. 0-0 Bg4 13. d5 0-0-0 14. Qc2 Kb8 15. dxc6 bxc6 16. b3 Ba3 17. Ra1 Rd3 18. Nb1 Bb4 19. Nh4 Rgd8 20. bxc4 Qc5 21. a5 Nxc4 22. Nf5 Bd1 23. Qa2 Bxa5 24. Ne3 Rxe3 25. fxe3 Bb6 26. Na3 Nxe3 27. Rfxd1 Nxd1+ 0-1

[Event "RB-2015-0-00273"]
[Site "LSS email"]
[Date "2015.02.11"]
[Round "?"]
[White "Maidana Guerra, Victor Ramon"]
[Black "Ederer, Karel"]
[Result "0-1"]
[WhiteElo "2057"]
[BlackElo "2039"]
[PlyCount "64"]
[EventDate "2014.12.20"]
[EventType "tourn (corr)"]
[EventRounds "6"]
[EventCountry "GER"]
[SourceTitle "Corr 2022"]
[Source "ChessBase"]
[SourceDate "2021.10.24"]
[SourceVersion "1"]
[SourceVersionDate "2021.10.24"]
[SourceQuality "1"]

1. d4 Nf6 2. c4 g6 3. Nf3 Bg7 4. Nc3 d5 5. g3 dxc4 6. Bg2 c6 7. 0-0 0-0 8. a4 Nd5 9. e4 Nb4 10. Be3 Bg4 11. h3 Bxf3 12. Bxf3 c5 13. dxc5 Qxd1 14. Raxd1 Nd3 15. Rd2 Na6 16. Rb1 Naxc5 17. Nd5 e6 18. Nc7 Rad8 19. Rc2 Nxa4 20. b3 cxb3 21. Rxb3 Ne1 22. Ra2 Nxf3+ 23. Kg2 Ne1+ 24. Kf1 Nc3 25. Rd2 Nf3 26. Rxd8 Rxd8 27. Rxb7 a5 28. Nb5 Nxe4 29. Bb6 Rd1+ 30. Ke2 Rb1 31. Bxa5 Ng1+ 32. Ke3 Rb3+ 0-1

[Event "RB-2015-0-00273"]
[Site "LSS email"]
[Date "2015.02.10"]
[Round "?"]
[White "Hatsek, Werner"]
[Black "Maidana Guerra, Victor Ramon"]
[Result "1-0"]
[WhiteElo "1979"]
[BlackElo "2057"]
[PlyCount "69"]
[EventDate "2014.12.20"]
[EventType "tourn (corr)"]
[EventRounds "6"]
[EventCountry "GER"]
[SourceTitle "Corr 2022"]
[Source "ChessBase"]
[SourceDate "2021.10.24"]
[SourceVersion "1"]
[SourceVersionDate "2021.10.24"]
[SourceQuality "1"]

1. c4 Nf6 2. d4 e6 3. Nc3 d5 4. Nf3 c6 5. Bg5 Nbd7 6. e3 Qa5 7. Nd2 Bb4 8. Qc2 0-0 9. Be2 dxc4 10. Bxf6 Nxf6 11. Nxc4 Bxc3+ 12. Qxc3 Qxc3+ 13. bxc3 Nd7 14. a4 Re8 15. a5 g6 16. f4 Nf6 17. Bf3 Nd5 18. Kd2 Rb8 19. Rhb1 f6 20. g3 Re7 21. e4 Nc7 22. e5 f5 23. Bxc6 Nd5 24. Bxd5 exd5 25. Nd6 Be6 26. Rb5 b6 27. axb6 axb6 28. c4 dxc4 29. d5 Bd7 30. Rb2 b5 31. Kc3 Be8 32. Nxe8 Rexe8 33. Ra5 Rec8 34. Rbxb5 Rxb5 35. Rxb5 1-0

[Event "RA-2015-0-00376"]
[Site "LSS email"]
[Date "2015.02.06"]
[Round "?"]
[White "Maidana Guerra, Victor Ramon"]
[Black "Khanas, Valeriy"]
[Result "0-1"]
[WhiteElo "2057"]
[BlackElo "2292"]
[PlyCount "54"]
[EventDate "2015.01.10"]
[EventType "tourn (corr)"]
[EventRounds "6"]
[EventCountry "GER"]
[SourceTitle "Corr 2022"]
[Source "ChessBase"]
[SourceDate "2021.10.24"]
[SourceVersion "1"]
[SourceVersionDate "2021.10.24"]
[SourceQuality "1"]

1. d4 Nf6 2. Nf3 d5 3. c4 e6 4. Nc3 Be7 5. Bg5 0-0 6. e3 h6 7. Bh4 b6 8. Rc1 Bb7 9. Bxf6 Bxf6 10. cxd5 exd5 11. b4 Be7 12. Qb3 c6 13. Bd3 b5 14. 0-0 a5 15. a3 Bd6 16. Rfe1 axb4 17. axb4 Na6 18. Na2 Re8 19. e4 dxe4 20. Bxe4 Qf6 21. d5 c5 22. Nc3 cxb4 23. Nxb5 Nc5 24. Rxc5 Bxc5 25. Nc7 Rxe4 26. Rxe4 Ra1+ 27. Re1 Rxe1+ 0-1

[Event "OP-2015-0-03639"]
[Site "LSS email"]
[Date "2015.02.05"]
[Round "?"]
[White "Maidana Guerra, Victor Ramon"]
[Black "Ramakrishnan, Ramesh"]
[Result "0-1"]
[WhiteElo "2057"]
[BlackElo "1944"]
[PlyCount "68"]
[EventDate "2015.02.01"]
[EventType "tourn (corr)"]
[EventRounds "4"]
[EventCountry "GER"]
[SourceTitle "Corr 2022"]
[Source "ChessBase"]
[SourceDate "2021.10.24"]
[SourceVersion "1"]
[SourceVersionDate "2021.10.24"]
[SourceQuality "1"]

1. d4 e6 2. c4 Nf6 3. Nf3 Bb4+ 4. Bd2 c5 5. g3 Qb6 6. Bxb4 Qxb4+ 7. Qd2 Qxd2+ 8. Nbxd2 b6 9. dxc5 bxc5 10. Bg2 Bb7 11. 0-0 d6 12. a3 Nbd7 13. b4 a5 14. b5 a4 15. Rfe1 Nb6 16. e4 Ng4 17. h3 Ne5 18. Nxe5 dxe5 19. Rac1 0-0-0 20. Nf1 Rd4 21. f3 Rhd8 22. Ne3 Rd3 23. Bf1 Rxa3 24. Ra1 Rb3 25. Kf2 Rd4 26. Reb1 Rd2+ 27. Ke1 Rdb2 28. Rxb2 Rxb2 29. Nd1 Rb3 30. Be2 f5 31. Nf2 fxe4 32. fxe4 Rxg3 33. Ng4 Bxe4 34. Nxe5 Rg1+ 0-1

[Event "OP-2015-0-03639"]
[Site "LSS email"]
[Date "2015.02.05"]
[Round "?"]
[White "Maidana Guerra, Victor Ramon"]
[Black "Vergara Rodriguez, Jose Antonio"]
[Result "0-1"]
[WhiteElo "2057"]
[BlackElo "1544"]
[PlyCount "62"]
[EventDate "2015.02.01"]
[EventType "tourn (corr)"]
[EventRounds "4"]
[EventCountry "GER"]
[SourceTitle "Corr 2022"]
[Source "ChessBase"]
[SourceDate "2021.10.24"]
[SourceVersion "1"]
[SourceVersionDate "2021.10.24"]
[SourceQuality "1"]

1. d4 Nf6 2. Nf3 g6 3. g3 Bg7 4. Bg2 0-0 5. 0-0 d6 6. b4 c5 7. Bb2 Qb6 8. Nbd2 cxd4 9. Bxd4 Qxb4 10. Rb1 Qa4 11. Bc3 Qxa2 12. Nd4 Qa4 13. Rxb7 Bxb7 14. Bxb7 Nbd7 15. Bxa8 Rxa8 16. Qa1 Qxa1 17. Rxa1 Nd5 18. Bb2 a5 19. e3 Nb4 20. c3 Nd3 21. Ba3 Rc8 22. c4 Nb6 23. Rb1 Bxd4 24. exd4 Nxc4 25. Nxc4 Rxc4 26. Rb3 Rxd4 27. Rb5 Ra4 28. Bb2 Nxb2 29. Rxb2 Ra1+ 30. Kg2 Kg7 31. Rb7 e6 0-1

[Event "OP-2015-0-03639"]
[Site "LSS email"]
[Date "2015.02.04"]
[Round "?"]
[White "Duffy, Mike"]
[Black "Maidana Guerra, Victor Ramon"]
[Result "0-1"]
[WhiteElo "800"]
[BlackElo "2057"]
[PlyCount "26"]
[EventDate "2015.02.01"]
[EventType "tourn (corr)"]
[EventRounds "4"]
[EventCountry "GER"]
[SourceTitle "Corr 2022"]
[Source "ChessBase"]
[SourceDate "2021.10.24"]
[SourceVersion "1"]
[SourceVersionDate "2021.10.24"]
[SourceQuality "1"]

1. e4 Nf6 2. Nf3 Nxe4 3. d3 Nf6 4. Nc3 d5 5. d4 Bf5 6. Be2 h6 7. 0-0 c6 8. Bd3 Bxd3 9. cxd3 e6 10. Re1 Be7 11. a3 0-0 12. Bf4 c5 13. dxc5 Bxc5 0-1

[Event "LSS RB-2010-0-00089"]
[Site "LSS email"]
[Date "2010.07.01"]
[Round "?"]
[White "Maidana Guerra, Victor Ramon"]
[Black "Marriott, Peter"]
[Result "1-0"]
[WhiteElo "1934"]
[BlackElo "1813"]
[PlyCount "21"]
[EventDate "2010.05.19"]
[EventType "tourn (corr)"]
[EventRounds "6"]
[EventCountry "GER"]
[SourceTitle "Corr 2013"]
[Source "ChessBase"]
[SourceDate "2012.11.12"]
[SourceVersion "1"]
[SourceVersionDate "2012.11.12"]
[SourceQuality "1"]

1. d4 Nf6 2. Nf3 e6 3. c4 d5 4. Bg5 Be7 5. cxd5 exd5 6. e3 c6 7. Bd3 h6 8. Bxf6 Bxf6 9. Nc3 0-0 10. 0-0 Re8 11. Qc2 1-0

[Event "LSS RB-2010-0-00089"]
[Site "LSS email"]
[Date "2010.07.01"]
[Round "?"]
[White "Maidana Guerra, Victor Ramon"]
[Black "Serazeev, Albert Ilievich"]
[Result "1/2-1/2"]
[WhiteElo "1935"]
[BlackElo "1878"]
[PlyCount "88"]
[EventDate "2010.05.19"]
[EventType "tourn (corr)"]
[EventRounds "6"]
[EventCountry "GER"]
[SourceTitle "Telechess CBM 141"]
[Source "ChessBase"]
[SourceDate "2011.03.17"]
[SourceVersion "1"]
[SourceVersionDate "2011.03.17"]
[SourceQuality "1"]

1. d4 Nf6 2. Nf3 d5 3. g3 e6 4. Bg2 Be7 5. c4 0-0 6. 0-0 dxc4 7. Qc2 a6 8. Qxc4 b5 9. Qc2 Bb7 10. Bd2 Ra7 11. Rc1 Be4 12. Qb3 Nc6 13. e3 Qa8 14. Qd1 b4 15. Be1 Bd5 16. Nbd2 Nb8 17. Nc4 Nbd7 18. Nh4 Ne4 19. Nf3 a5 20. a3 bxa3 21. Nxa3 Rb8 22. Qe2 Qb7 23. Nc4 a4 24. Rc2 c5 25. Nfd2 Nxd2 26. Bxd5 exd5 27. Nxd2 cxd4 28. exd4 Re8 29. Nf3 Nf6 30. Qd3 Bd6 31. Ne5 Raa8 32. f3 Bxe5 33. dxe5 Rxe5 34. Bc3 Re6 35. Re2 Rxe2 36. Qxe2 Qc6 37. Qe5 Ne8 38. Rd1 a3 39. bxa3 Rxa3 40. Re1 Ra8 41. Rd1 d4 42. Bxd4 Qxf3 43. Re1 h6 44. Qe2 Qxe2 1/2-1/2

[Event "LSS RB-2010-0-00089"]
[Site "LSS email"]
[Date "2010.07.01"]
[Round "?"]
[White "Pott, Brian"]
[Black "Maidana Guerra, Victor Ramon"]
[Result "1-0"]
[WhiteElo "1777"]
[BlackElo "1918"]
[PlyCount "113"]
[EventDate "2010.05.19"]
[EventType "tourn (corr)"]
[EventRounds "6"]
[EventCountry "GER"]
[SourceTitle "Telechess CBM 141"]
[Source "ChessBase"]
[SourceDate "2011.03.17"]
[SourceVersion "1"]
[SourceVersionDate "2011.03.17"]
[SourceQuality "1"]

1. e4 Nf6 2. e5 Nd5 3. d4 d6 4. Nf3 dxe5 5. Nxe5 Nd7 6. Nf3 g6 7. c4 N5b6 8. Nc3 c6 9. Be2 Bg7 10. 0-0 0-0 11. Re1 Nf6 12. h3 Be6 13. b3 Re8 14. Be3 Qd7 15. Ne5 Qc8 16. Qd2 Bf5 17. Bh6 Nbd7 18. g4 Be6 19. Nd3 Bxh6 20. Qxh6 Nf8 21. Rad1 Qd8 22. Qe3 Qa5 23. b4 Qc7 24. Ne5 Rad8 25. f4 a6 26. f5 Bc8 27. Qf4 a5 28. b5 c5 29. Nxg6 Qxf4 30. Nxf4 Rxd4 31. Rxd4 cxd4 32. Ncd5 Nxd5 33. Nxd5 Nd7 34. Rd1 e6 35. fxe6 fxe6 36. Nc7 Re7 37. Rxd4 Kg7 38. Na8 e5 39. Rd3 e4 40. Rd6 Nc5 41. Nb6 Be6 42. Kf2 e3+ 43. Kf3 Bf7 44. Rd4 Bg6 45. Nd5 Be4+ 46. Kf4 Re6 47. Nxe3 Rf6+ 48. Kg3 Bb1 49. g5 Re6 50. Kf4 Bxa2 51. Bg4 Re8 52. Nf5+ Kf8 53. Nd6 Re1 54. b6 Na4 55. Nxb7 Nxb6 56. Nxa5 Re8 57. Bf3 1-0

[Event "LSS RB-2010-0-00089"]
[Site "LSS email"]
[Date "2010.07.01"]
[Round "?"]
[White "Windheim, Charles"]
[Black "Maidana Guerra, Victor Ramon"]
[Result "1/2-1/2"]
[WhiteElo "1917"]
[BlackElo "1918"]
[PlyCount "162"]
[EventDate "2010.05.19"]
[EventType "tourn (corr)"]
[EventRounds "6"]
[EventCountry "GER"]
[SourceTitle "Telechess CBM 141"]
[Source "ChessBase"]
[SourceDate "2011.03.17"]
[SourceVersion "1"]
[SourceVersionDate "2011.03.17"]
[SourceQuality "1"]

1. e4 d5 2. exd5 Qxd5 3. Nc3 Qa5 4. d4 Nf6 5. Nf3 Bf5 6. Bc4 c6 7. Bd2 Qb6 8. Qe2 e6 9. 0-0-0 Nbd7 10. Nh4 Bg6 11. Nxg6 hxg6 12. d5 cxd5 13. Nxd5 Nxd5 14. Bxd5 Bc5 15. Bf3 Bxf2 16. Bf4 Bd4 17. c3 Rc8 18. Kb1 Rxc3 19. Bg3 Rc8 20. Rd2 0-0 21. Rhd1 e5 22. Bxe5 Nxe5 23. Rxd4 Nxf3 24. Qxf3 Rfd8 25. Qh3 Qc7 26. a3 g5 27. Rd7 Rxd7 28. Qxd7 g6 29. h3 b6 30. g4 Kh7 31. Qa4 Qc5 32. Qe4 Rc7 33. Rd5 Qc1+ 34. Ka2 Qf4 35. Qd3 Re7 36. Rd8 Re3 37. Qd5 Rxh3 38. Rc8 Qf3 39. Qxg5 Qb3+ 40. Kb1 Rh1+ 41. Rc1 Qd3+ 42. Ka2 Rxc1 43. Qxc1 b5 44. Ka1 Qc4 45. Qd1 Qc5 46. Kb1 a5 47. Qf3 Kg7 48. Qe4 a4 49. Qe1 Qd5 50. Qc3+ Kh6 51. Qe3+ g5 52. Qe7 Qd3+ 53. Ka1 Kg6 54. Qe1 Qf3 55. Qg1 Qe2 56. Qb1+ Kg7 57. Qg1 Kg8 58. Ka2 Qc2 59. Ka1 f5 60. gxf5 Qxf5 61. Qe3 g4 62. Qe8+ Kg7 63. Qe7+ Kg6 64. Qd6+ Kf7 65. Qc7+ Ke6 66. Qc6+ Ke7 67. Qc7+ Qd7 68. Qe5+ Kf7 69. Qh5+ Kf6 70. Qh6+ Kf5 71. Qh5+ Kf4 72. Qh6+ Kf3 73. Qh1+ Kg3 74. Qe1+ Kf4 75. Qc1+ Kf5 76. Qf1+ Kg6 77. Qg1 Qf5 78. Qe3 Qc2 79. Qb6+ Kg5 80. Qxb5+ Kh4 81. Qd5 g3 1/2-1/2

[Event "LSS SB-2010-0-00097"]
[Site "LSS email"]
[Date "2010.06.24"]
[Round "?"]
[White "Maidana Guerra, Victor Ramon"]
[Black "Correa de Almeida, Claudio"]
[Result "0-1"]
[WhiteElo "1921"]
[BlackElo "1850"]
[PlyCount "56"]
[EventDate "2010.05.17"]
[EventType "tourn (corr)"]
[EventRounds "6"]
[EventCountry "GER"]
[SourceTitle "Telechess CBM 141"]
[Source "ChessBase"]
[SourceDate "2011.03.17"]
[SourceVersion "1"]
[SourceVersionDate "2011.03.17"]
[SourceQuality "1"]

1. e4 c5 2. Nc3 Nc6 3. Nge2 d6 4. h3 e5 5. Nd5 Nge7 6. Nec3 Nxd5 7. Nxd5 Be6 8. Bc4 Be7 9. 0-0 0-0 10. c3 Na5 11. Bd3 f5 12. b3 Bg5 13. Qe2 f4 14. Qf3 Nc6 15. Rb1 a6 16. a4 Rb8 17. Ba3 b5 18. axb5 axb5 19. Bb2 Ne7 20. Ra1 c4 21. Bc2 Ng6 22. Ra7 Nh4 23. Qh5 h6 24. Qd1 f3 25. g3 Bxh3 26. d4 Qc8 27. dxe5 dxe5 28. Nb4 Rd8 0-1

[Event "LSS SB-2010-0-00095"]
[Site "LSS email"]
[Date "2010.06.06"]
[Round "?"]
[White "Lombart, Philippe"]
[Black "Maidana Guerra, Victor Ramon"]
[Result "1-0"]
[WhiteElo "1954"]
[BlackElo "1925"]
[PlyCount "134"]
[EventDate "2010.05.03"]
[EventType "tourn (corr)"]
[EventRounds "6"]
[EventCountry "GER"]
[SourceTitle "Telechess CBM 141"]
[Source "ChessBase"]
[SourceDate "2011.03.17"]
[SourceVersion "1"]
[SourceVersionDate "2011.03.17"]
[SourceQuality "1"]

1. d4 d5 2. c4 e6 3. Nf3 c6 4. Qc2 dxc4 5. Qxc4 Nf6 6. Bg5 Be7 7. e3 0-0 8. Bd3 Nbd7 9. 0-0 h6 10. Bxf6 Nxf6 11. Nc3 Qa5 12. Ne5 c5 13. dxc5 Bxc5 14. Ne4 Nxe4 15. Qxe4 f5 16. Qf3 Rd8 17. Rfd1 Qc7 18. Qg3 Rd5 19. f4 Bd6 20. Rac1 Rc5 21. Rxc5 Qxc5 22. Be2 Bxe5 23. fxe5 Qc7 24. Bb5 a6 25. Be8 Qe7 26. Qg6 b5 27. Rd6 Kf8 28. Bc6 Ra7 29. g3 Bd7 30. Kf2 b4 31. e4 fxe4 32. Bxe4 Qf7+ 33. Qxf7+ Kxf7 34. Rd4 a5 35. Rc4 g5 36. Ke3 Kg7 37. Rd4 Rc7 38. Rd6 Kf7 39. Ra6 a4 40. Rb6 a3 41. Rxb4 Bc6 42. Bd3 axb2 43. Rxb2 Ra7 44. Rf2+ Ke7 45. Kd4 Ra5 46. Rf6 Rd5+ 47. Kc3 Rxe5 48. Rxh6 Ra5 49. Bc4 Bd5 50. Bb3 Rc5+ 51. Kb2 e5 52. Rb6 Bxb3 53. Kxb3 e4 54. Rb4 Re5 55. Kc3 e3 56. Rb1 Ra5 57. Rb2 Ra3+ 58. Kd4 Kd6 59. Re2 g4 60. Ke4 Kc5 61. Rxe3 Rxa2 62. Kf4 Rxh2 63. Kxg4 Rh8 64. Re6 Kd5 65. Rb6 Rg8+ 66. Kf4 Rf8+ 67. Kg5 Rg8+ 1-0

[Event "LSS SB-2010-0-00095"]
[Site "LSS email"]
[Date "2010.06.06"]
[Round "?"]
[White "Maidana Guerra, Victor Ramon"]
[Black "Milde, Lars"]
[Result "1/2-1/2"]
[WhiteElo "1927"]
[BlackElo "1867"]
[PlyCount "66"]
[EventDate "2010.05.03"]
[EventType "tourn (corr)"]
[EventRounds "6"]
[EventCountry "GER"]
[SourceTitle "Telechess CBM 141"]
[Source "ChessBase"]
[SourceDate "2011.03.17"]
[SourceVersion "1"]
[SourceVersionDate "2011.03.17"]
[SourceQuality "1"]

1. d4 d5 2. Nf3 Nf6 3. c4 e6 4. Bg5 Be7 5. cxd5 exd5 6. Nc3 c6 7. e3 Nbd7 8. Bd3 0-0 9. Qc2 h6 10. h4 Re8 11. 0-0-0 b5 12. Kb1 Ng4 13. Bh7+ Kh8 14. Bf5 Ndf6 15. Bxf6 Bxf6 16. Rdf1 Bxf5 17. Qxf5 Qc8 18. Qxc8 Raxc8 19. Nh2 Nxh2 20. Rxh2 a5 21. Rc1 Kg8 22. Rhh1 Kf8 23. a4 b4 24. Ne2 Be7 25. Nf4 Bd6 26. Nd3 Re6 27. h5 Ke7 28. b3 Kd7 29. Kc2 Kc7 30. Kd2 Rf6 31. Rh3 Re6 32. Rh4 Kb6 33. g3 Re7 1/2-1/2

[Event "LSS SB-2010-0-00095"]
[Site "LSS email"]
[Date "2010.06.06"]
[Round "?"]
[White "Maidana Guerra, Victor Ramon"]
[Black "Osipov, Anatoly Vladimirovi"]
[Result "1-0"]
[WhiteElo "1936"]
[BlackElo "1784"]
[PlyCount "121"]
[EventDate "2010.05.03"]
[EventType "tourn (corr)"]
[EventRounds "6"]
[EventCountry "GER"]
[SourceTitle "Telechess CBM 141"]
[Source "ChessBase"]
[SourceDate "2011.03.17"]
[SourceVersion "1"]
[SourceVersionDate "2011.03.17"]
[SourceQuality "1"]

1. d4 Nf6 2. Nf3 d5 3. c4 dxc4 4. Qa4+ Nc6 5. Nc3 Nd5 6. e4 Nb6 7. Qd1 e6 8. Be2 Bb4 9. 0-0 0-0 10. Be3 f5 11. exf5 exf5 12. d5 Na5 13. Bd2 Re8 14. Re1 c6 15. Bg5 Qd7 16. dxc6 Qxc6 17. Qd4 Bd7 18. Bd2 Bc5 19. Qh4 Qg6 20. Bf1 Bd6 21. Rad1 Kh8 22. Ne2 Nc6 23. Be3 Re4 24. Qg5 Qxg5 25. Nxg5 Rxe3 26. Nf7+ Kg8 27. Nxd6 Re7 28. Nc3 Rxe1 29. Rxe1 Rb8 30. f4 Na5 31. Nxf5 Bxf5 32. Re5 Bd3 33. Rxa5 Re8 34. Kf2 a6 35. Rc5 Bxf1 36. Kxf1 Kf8 37. Kf2 Rd8 38. Ke2 Rd4 39. Rc7 Rd7 40. Rxd7 Nxd7 41. Ke3 Nc5 42. g3 b5 43. Kd4 Nd3 44. b3 Nc1 45. bxc4 b4 46. Nb1 Nxa2 47. Kd3 b3 48. Nd2 b2 49. Kc2 b1Q+ 50. Kxb1 Nb4 51. Kb2 Ke7 52. Ne4 Nc6 53. Kb3 Na5+ 54. Kb4 Nb7 55. g4 h6 56. h4 g6 57. f5 gxf5 58. gxf5 Nd8 59. Ka5 Kd7 60. Kb6 Nf7 61. c5 1-0